000 00582nam a22001937a 4500
005 20251108170854.0
008 250721s1993 xx 000 0 ara d
082 1 4 _aم/811.008/جوا
100 1 _aالجواهري، محمد مهدي
245 1 0 _aالجمهرة :
_bمختارات من الشعر العربي /
250 _aط2.،منقحة
264 1 _aبغداد :
_bدار الرافدين،
_c1993.
300 _aج
650 1 7 _aالشعر العربي
650 1 7 _aالعصر الجاهلي
650 1 7 _aالشعراء
942 _2ddc
_cREF
999 _c50993
_d50993